000 00866nam a2200277 i 4500
001 106391
003 ES-MaACL
005 20250822062532.0
007 t|
008 061107s1985 fr ||||1| fre d
020 _a2-07-070328-2
080 _a008(46)(0:840)(04)
080 _a75(46)(04)
080 _a75 Goya y Lucientes, Francisco (04)
100 1 _aCabanis, José.
_933148
245 1 3 _aLe musée espagnol de Louis-Philippe
_b: Goya : essai /
_cJosé Cabanis.
260 _aParis :
_bGallimard,
_c[1985]
300 _a182 p. ;
_c21 cm.
500 _aBiblioteca Jacinto Martínez Lacalle.
600 1 4 _aGoya, Francisco de,
_d1746-1828
_9240353
650 4 _aPintura española-
_zFrancia.
_916036
651 4 _aEspaña-
_xOpinión extranjera
_98389
852 _aES-MaACL
_jE-11379
_bR.139110
942 _2udc
999 _c106391
_d106391